00238nam a2200085Ia 4500008004100000100001900041245004100060260004200101260000900143170620s9999 xx 000 0 und d aEdiger- Marlow 0aTeaching Social Studies Successfully bNew Delhi- Discovery Publishing House c2007